000 00386nam a2200157Ia 4500
005 20250516033225.0
008 240331s9999 xx 000 0 und d
020 _a9558887935
082 _bPER
_a294
100 _aPerera,U.C.S.
245 0 _aSitha sithiwili ruupa ha bhawana
260 _aBalangoda
_bTharaka Publishers
_c2006
300 _a208 p .,
650 _aBuddhism
942 _cL
999 _c5189
_d5189